| 000 | 01270cam a22002774a 4500 | ||
|---|---|---|---|
| 001 | 12011144 | ||
| 005 | 20201124143111.0 | ||
| 008 | 000517s2000 nyua b 001 0 eng | ||
| 010 | _a 00041726 | ||
| 020 | _a031223645X (cloth) | ||
| 040 |
_aDLC _cDLC _dDLC |
||
| 042 | _apcc | ||
| 050 | 0 | 0 |
_aUA10.5 _b.D87 2000 |
| 082 | 0 | 0 |
_a355.032 _221 _bDUR |
| 245 | 1 | 0 |
_aConstructing regional security : _bthe role of arms transfers, arms control, and reassurance / _cWilliam J. Durch. |
| 250 | _a1st ed. | ||
| 260 |
_aNew York : _bSt. Martin's Press, _cc2000. |
||
| 300 |
_axvi, 368 p. : _bill. ; _c25 cm. |
||
| 500 | _a"A Century Foundation book." | ||
| 504 | _aIncludes bibliographical references (p. [333]-353) and index. | ||
| 856 | 4 | 2 |
_3Contributor biographical information _uhttp://www.loc.gov/catdir/bios/hol058/00041726.html |
| 856 | 4 | 2 |
_3Publisher description _uhttp://www.loc.gov/catdir/description/hol051/00041726.html |
| 856 | 4 | 1 |
_3Table of contents _uhttp://www.loc.gov/catdir/toc/hol051/00041726.html |
| 942 |
_2ddc _cNB |
||
| 999 |
_c11107 _d11107 |
||